000 00668nam a2200265Ia 4500
005 20260121172059.0
008 008 260114s9999 xx 000 0 eng d
020 _a9783030327927
037 _aEBOOK
040 _aCRL
040 _beng
040 _cCRL
041 _2eng
041 _aeng
084 _qCRL
100 _aBrycchan Carey, Sayre Greenfield, Anne Milne
_91084040
245 0 _aBirds in Eighteenth-Century Literature
260 _bSpringer
260 _bSpringer
260 _c2020
856 _uhttps://link.springer.com/openurl?genre=book&isbn=978-3-030-32792-7
942 _cEBOOK
999 _c1649774
_d1649774